000 00455nam a22001457a 4500
003 macl
005 20180415134306.0
008 180415b xxu||||| |||| 00| 0 eng d
040 _cmacl
100 _aवागीश कुमार सिंह
_972042
245 _aभारत छोडो आन्‍दोलन
260 _aबीकानेर
_bरूपान्‍तर
_c2014
650 _aराजनीति
_972043
942 _2ddc
_cHIN
999 _c57734
_d57734